Teatro completo. Tomo II: Comedias y dramas

Gespeichert in:
Bibliographische Detailangaben
1. Verfasser: Alvarez Quintero, Serafín y Joaquín
Format: Buch
Sprache:Undetermined
Veröffentlicht: Madrid, España Imprenta Clásica Española 1923
Schlagworte:
Tags: Tag hinzufügen
Keine Tags, Fügen Sie den ersten Tag hinzu!

MARC

LEADER 00000nam a2200000Ia 4500
008 170316s9999 xx 000 0 und d
040 |a cru BVZT 
090 |a 862 A-24t 
100 |a Alvarez Quintero, Serafín y Joaquín 
245 |a Teatro completo. Tomo II: Comedias y dramas 
260 |a Madrid, España 
260 |b Imprenta Clásica Española 
260 |c 1923 
300 |a 318 páginas 
650 |a LITERATURA ESPAÑOLA 
650 |a LA VIDA ÍNTIMA 
650 |a EL PATIO 
650 |a LOS GALEOTES 
942 |c 15 D 
999 |c 9398  |d 9398